[Event "WEM Meisterturnier 2015"]
[Site "Stuttgart Botnang"]
[Date "2015.09.04"]
[Round "7.5"]
[White "Reimche, Vadim"]
[Black "Grill, Bernd"]
[Result "1-0"]
[WhiteElo "2005"]
[BlackElo "2220"]
[PlyCount "121"]
[EventDate "2015.??.??"]
[EventCountry "GER"]
[SourceDate "2015.09.01"]
[WhiteTeam "SF Ravensburg"]
[BlackTeam "SV Ebersbach"]

1. d4 e6 2. Nc3 Nf6 3. e4 d5 4. Bg5 Bb4 5. e5 h6 6. Bxf6 gxf6 7. Nf3 Nd7 8. Qd3
fxe5 9. Nxe5 Nxe5 10. dxe5 Bd7 11. f4 c6 12. O-O-O Qc7 13. Be2 O-O-O 14. g3 a6
15. Bh5 Rdf8 16. a3 Be7 17. b4 a5 18. Na2 c5 19. bxa5 Qxa5 20. Qc3 Qxc3 21.
Nxc3 f6 22. f5 d4 23. fxe6 Bc6 24. exf6 Rxf6 25. Ne2 Bxh1 26. Rxh1 Kd8 27. Bf7
Bd6 28. Kd2 Rf8 29. c3 R8xf7 30. exf7 Rxf7 31. cxd4 cxd4 32. a4 Bc5 33. Nf4 Kd7
34. Kd3 Re7 35. Kc4 Kc6 36. Nd3 b6 37. Re1 Ra7 38. Re6+ Kd7 39. Nxc5+ bxc5 40.
Rxh6 Rxa4+ 41. Kxc5 Ke7 42. Rh4 Ra2 43. Kc4 Rd2 44. Re4+ Kf6 45. h4 Rg2 46. g4
Rh2 47. g5+ Kg6 48. Kxd4 Rh1 49. Re6+ Kf5 50. Rf6+ Kg4 51. Rh6 Kf5 52. g6 Kf6
53. h5 Kg7 54. Rh7+ Kg8 55. Ke5 Rf1 56. Ra7 Rf2 57. h6 Re2+ 58. Kf4 Re8 59. Kg5
Kh8 60. Ra5 Rg8 61. Rb5 1-0

[Event "WEM Meisterturnier 2015"]
[Site "Stuttgart Botnang"]
[Date "2015.09.04"]
[Round "7.6"]
[White "Smolny, Frieder"]
[Black "Sokratov, Stanislav"]
[Result "0-1"]
[WhiteElo "2156"]
[BlackElo "2192"]
[PlyCount "58"]
[EventDate "2015.??.??"]
[EventCountry "GER"]
[SourceDate "2015.09.01"]
[WhiteTeam "SC Weiße Dame Ulm"]
[BlackTeam "SC Erdmannhausen"]

1. d4 Nf6 2. c4 e6 3. g3 d5 4. Nf3 Bb4+ 5. Bd2 Be7 6. Bg2 O-O 7. O-O c6 8. Qc2
Nbd7 9. Bf4 b6 10. Rd1 Bb7 11. Ne5 Nxe5 12. dxe5 Nd7 13. cxd5 cxd5 14. e4 dxe4
15. Bxe4 Bxe4 16. Qxe4 Nc5 17. Qe2 Qc7 18. Nc3 Qb7 19. b4 Nd7 20. Rd4 Rfd8 21.
Ne4 Nf8 22. Nd6 Bxd6 23. exd6 f6 24. Rc1 Qf7 25. Rc7 Rd7 26. Rdc4 Rad8 27. Qe4
e5 28. Be3 Qe6 29. Qb7 Qxc4 0-1

[Event "WEM Meisterturnier 2015"]
[Site "Stuttgart Botnang"]
[Date "2015.09.04"]
[Round "7.7"]
[White "Geshnizjani, Ramin Tobias"]
[Black "Gheng, Josef"]
[Result "0-1"]
[WhiteElo "2081"]
[BlackElo "2376"]
[PlyCount "94"]
[EventDate "2015.??.??"]
[EventCountry "GER"]
[SourceDate "2015.09.01"]
[WhiteTeam "Heilbronner SV"]
[BlackTeam "SC Erdmannhausen"]

1. e4 c5 2. c3 Nf6 3. e5 Nd5 4. d4 cxd4 5. cxd4 d6 6. Nf3 Nc6 7. Bc4 e6 8. O-O
Be7 9. Qe2 a6 10. Qe4 dxe5 11. dxe5 b5 12. Bb3 Na5 13. Bxd5 exd5 14. Qd3 Be6
15. Rd1 Qc7 16. Be3 O-O 17. Nc3 Nc4 18. Nxd5 Bxd5 19. Qxd5 Rad8 20. Qe4 Nxb2
21. Rdc1 Nc4 22. a4 Qd7 23. axb5 axb5 24. Bd4 Nd2 25. Nxd2 Qxd4 26. Qxd4 Rxd4
27. Nb3 Ra4 28. g3 Rfa8 29. Rab1 h5 30. Nc5 Rc4 31. Nb7 Ba3 32. Rd1 b4 33. Nd6
Rc2 34. Rd4 Ra5 35. Re4 Rac5 36. f4 Rc1+ 37. Rxc1 Rxc1+ 38. Kg2 b3 39. Nc4 Bc5
40. f5 Rxc4 41. Rxc4 b2 42. Rxc5 b1=Q 43. f6 Qe4+ 44. Kh3 g5 45. Rc8+ Kh7 46.
Re8 Qh1 47. e6 Qf1# 0-1

[Event "WEM Meisterturnier 2015"]
[Site "Stuttgart Botnang"]
[Date "2015.09.04"]
[Round "7.8"]
[White "Reck, Moritz"]
[Black "Gustain, Marc"]
[Result "1-0"]
[WhiteElo "2157"]
[BlackElo "2156"]
[PlyCount "55"]
[EventDate "2015.??.??"]
[EventCountry "GER"]
[SourceDate "2015.09.01"]
[WhiteTeam "TSV Schönaich"]
[BlackTeam "SF Deizisau"]

1. e4 c5 2. Nc3 d6 3. d3 Nc6 4. g3 g6 5. Bg2 Bg7 6. f4 e5 7. Nf3 Nge7 8. O-O
O-O 9. f5 gxf5 10. Nh4 fxe4 11. dxe4 f5 12. Qh5 Nd4 13. Bg5 Qe8 14. Qxe8 Rxe8
15. Bxe7 Rxe7 16. Nxf5 Bxf5 17. exf5 Rf8 18. Be4 h5 19. Kg2 Bf6 20. Nd5 Rg7 21.
c3 Nc6 22. Rad1 h4 23. Rd3 c4 24. Rdd1 Bg5 25. f6 Rgf7 26. Bg6 Rd7 27. Rf5 Bh6
28. Rh5 1-0

[Event "WEM Meisterturnier 2015"]
[Site "Stuttgart Botnang"]
[Date "2015.09.04"]
[Round "7.9"]
[White "Gabriel, Robert"]
[Black "Bader, Gerd"]
[Result "1-0"]
[WhiteElo "2184"]
[BlackElo "2040"]
[PlyCount "113"]
[EventDate "2015.??.??"]
[EventCountry "GER"]
[SourceDate "2015.09.01"]
[WhiteTeam "Stuttgarter SF"]
[BlackTeam "SG Schwäbisch Gmünd"]

1. d4 d6 2. Nf3 g6 3. e4 Bg7 4. Bc4 e6 5. Bb3 Ne7 6. O-O O-O 7. Bg5 h6 8. Be3
Nd7 9. c4 b6 10. Nc3 Bb7 11. Qd2 Kh7 12. Ba4 Nf6 13. Qd3 Ng4 14. Bd2 e5 15.
Rad1 Nc6 16. Bxc6 Bxc6 17. dxe5 Nxe5 18. Nxe5 dxe5 19. Nd5 Bxd5 20. cxd5 f5 21.
f3 Rf7 22. Qc4 Qf6 23. Rc1 Rd8 24. Qe2 Bf8 25. g3 Bc5+ 26. Be3 Bxe3+ 27. Qxe3
Rd6 28. Qc3 Qe7 29. Kg2 Rdf6 30. Rce1 f4 31. Rc1 h5 32. Qb3 g5 33. Rc6 g4 34.
Rxf6 Qxf6 35. Qd3 fxg3 36. hxg3 gxf3+ 37. Rxf3 Qxf3+ 38. Qxf3 Rxf3 39. Kxf3 Kg6
40. Kg2 a6 41. Kh3 Kg5 42. a4 Kg6 43. Kh4 Kh6 44. g4 hxg4 45. Kxg4 Kg6 46. b4
Kf6 47. Kh5 Kf7 48. Kg5 Ke7 49. Kf5 Kd6 50. Kf6 c5 51. dxc6 Kxc6 52. Kxe5 a5
53. bxa5 bxa5 54. Kf6 Kd7 55. e5 Ke8 56. Ke6 Kd8 57. Kf7 1-0

[Event "WEM Meisterturnier 2015"]
[Site "Stuttgart Botnang"]
[Date "2015.09.04"]
[Round "7.10"]
[White "Schaffert, Walter"]
[Black "Kunz, Walter"]
[Result "1/2-1/2"]
[WhiteElo "2091"]
[BlackElo "2167"]
[PlyCount "48"]
[EventDate "2015.??.??"]
[EventCountry "GER"]
[SourceDate "2015.09.01"]
[WhiteTeam "SG Ludwigsburg"]
[BlackTeam "SC Botnang"]

1. e4 c5 2. Nf3 Nc6 3. Bb5 g6 4. Bxc6 bxc6 5. O-O Bg7 6. c3 Nf6 7. d3 O-O 8. h3
d6 9. Qe2 e5 10. c4 Ne8 11. Nh2 Nc7 12. f4 Ne6 13. fxe5 dxe5 14. Nf3 Nd4 15.
Qd1 f6 16. Nc3 Rf7 17. b3 Nxf3+ 18. Qxf3 Qd4+ 19. Rf2 Qxc3 20. Bb2 Qb4 21. Bxe5
Be6 22. Bb2 Qb7 23. Qe3 Qd7 24. Qxc5 Rd8 1/2-1/2

[Event "WEM Meisterturnier 2015"]
[Site "Stuttgart Botnang"]
[Date "2015.09.04"]
[Round "7.11"]
[White "Engelhart, Achim"]
[Black "Gabriel, Josef"]
[Result "1/2-1/2"]
[WhiteElo "2140"]
[BlackElo "2094"]
[PlyCount "109"]
[EventDate "2015.??.??"]
[EventCountry "GER"]
[SourceDate "2015.09.01"]
[WhiteTeam "Post-SV Ulm"]
[BlackTeam "Stuttgarter SF"]

1. e4 g6 2. d4 Bg7 3. Nc3 d6 4. f4 c6 5. Nf3 Na6 6. Be3 Nc7 7. Qd2 Nf6 8. Bd3
O-O 9. h3 b5 10. O-O a6 11. a4 Bb7 12. f5 Nd7 13. Bh6 e5 14. fxe6 Nxe6 15. Bxg7
Kxg7 16. Ne2 Qb6 17. Kh2 f6 18. c3 Rf7 19. axb5 cxb5 20. Nf4 Nc7 21. Rae1 Re8
22. Qf2 Rfe7 23. Nd2 d5 24. Nxd5 Nxd5 25. exd5 Qd6+ 26. Kg1 Bxd5 27. Rxe7+ Qxe7
28. Nf3 Bxf3 29. Qxf3 Qe6 30. Qf4 Re7 31. Ra1 Qb6 32. Qf2 Nb8 33. Re1 Rxe1+ 34.
Qxe1 Kf7 35. Qh4 Kg7 36. Qe4 Qc7 37. Qe6 h5 38. Qe8 f5 39. Be2 Nc6 40. Bf3 Ne7
41. Kf2 h4 42. Kg1 Kf6 43. Qf8+ Kg5 44. Qf7 Kf4 45. Qe6 Kg5 46. d5 Nc8 47. Qxa6
Qc5+ 48. Kh2 Nb6 49. Qb7 Nc4 50. Qd7 Qf2 51. Qe6 Nd2 52. Qe7+ Kh6 53. Qf8+ Kg5
54. Qe7+ Kh6 55. Qf8+ 1/2-1/2

[Event "WEM Meisterturnier 2015"]
[Site "Stuttgart Botnang"]
[Date "2015.09.04"]
[Round "7.12"]
[White "Höglauer, Patrick"]
[Black "Amos, Frank"]
[Result "1/2-1/2"]
[WhiteElo "2168"]
[BlackElo "2106"]
[PlyCount "120"]
[EventDate "2015.??.??"]
[EventCountry "GER"]
[SourceDate "2015.09.01"]
[WhiteTeam "SV Backnang"]
[BlackTeam "SK Lauffen"]

1. e4 c5 2. Nc3 e6 3. f4 a6 4. g3 d5 5. d3 b5 6. Bg2 Nf6 7. Qe2 Nc6 8. Nf3 Be7
9. O-O O-O 10. e5 Ne8 11. Nd1 g6 12. c4 Bb7 13. cxd5 Qxd5 14. Nc3 Nd4 15. Nxd4
Qxg2+ 16. Qxg2 Bxg2 17. Kxg2 cxd4 18. Ne2 Bc5 19. Bd2 Ng7 20. Rac1 Rfc8 21. b4
Bb6 22. g4 h5 23. h3 hxg4 24. hxg4 Ne8 25. Kf3 f5 26. exf6 Nxf6 27. Rxc8+ Rxc8
28. Rc1 Rb8 29. g5 Nd5 30. Ke4 Rd8 31. a3 Ne7 32. Be1 Kf7 33. Bf2 Rh8 34. Bxd4
Rh2 35. Bxb6 Rxe2+ 36. Kf3 Rd2 37. Rc3 Nd5 38. Rc6 Rxd3+ 39. Ke4 Rxa3 40. Bc5
Ra2 41. Rd6 a5 42. bxa5 Rxa5 43. Rd7+ Ke8 44. Rd6 Ra4+ 45. Ke5 Nxf4 46. Kf6 Re4
47. Bb6 Nd5+ 48. Kxg6 b4 49. Rd8+ Ke7 50. Ra8 Rc4 51. Bd8+ Kd7 52. Ba5 Ne7+ 53.
Kf6 Rf4+ 54. Kg7 Nd5 55. g6 e5 56. Kh6 Rh4+ 57. Kg5 Rh1 58. g7 Rg1+ 59. Kf5 Kc6
60. g8=Q Rxg8 1/2-1/2

[Event "WEM Meisterturnier 2015"]
[Site "Stuttgart Botnang"]
[Date "2015.09.04"]
[Round "7.13"]
[White "Behrendt, Clemens"]
[Black "Meschke, Andreas"]
[Result "1/2-1/2"]
[WhiteElo "2120"]
[BlackElo "2098"]
[PlyCount "137"]
[EventDate "2015.??.??"]
[EventCountry "GER"]
[SourceDate "2015.09.01"]
[WhiteTeam "SC Böblingen"]
[BlackTeam "SV Marbach"]

1. Nf3 d5 2. g3 c6 3. Bg2 Bg4 4. c4 e6 5. Ne5 Bh5 6. Qb3 Nd7 7. d4 Nxe5 8. dxe5
Qa5+ 9. Nc3 Bb4 10. cxd5 cxd5 11. a3 Bxc3+ 12. Qxc3 Qa6 13. Qd3 Qxd3 14. exd3
Ne7 15. Be3 Nc6 16. f4 Rc8 17. b4 b6 18. Kd2 O-O 19. Rhc1 Ne7 20. h3 h6 21. g4
Bg6 22. Bf3 Rfd8 23. Rxc8 Rxc8 24. Bd1 d4 25. Bxd4 Rd8 26. f5 exf5 27. Bb2 fxg4
28. hxg4 Rxd3+ 29. Ke1 Nd5 30. Rc1 Kh7 31. Rc6 Nf4 32. Rd6 Rh3 33. Bd4 Rxa3 34.
Rd7 Ne6 35. Bb2 Re3+ 36. Kd2 Re4 37. Bc3 a5 38. bxa5 bxa5 39. Bxa5 Rxe5 40. Bc3
Rb5 41. Bf3 Ng5 42. Bd5 Rxd5+ 43. Rxd5 Ne4+ 44. Kd3 Nf6+ 45. Kd4 Nxd5 46. Kxd5
Bc2 47. Ke5 Kg6 48. Kf4 f6 49. Bd4 Kf7 50. Bc5 Bd1 51. Bb4 g5+ 52. Kg3 Kg6 53.
Bf8 Be2 54. Bb4 f5 55. gxf5+ Kxf5 56. Be1 h5 57. Kh3 Bg4+ 58. Kg3 h4+ 59. Kh2
Kg6 60. Kg2 Kh5 61. Kh2 Be6 62. Kg2 Kg4 63. Bd2 Bd5+ 64. Kh2 Kf5 65. Be3 g4 66.
Bf2 Kg5 67. Be1 Kh5 68. Bf2 g3+ 69. Bxg3 1/2-1/2

[Event "WEM Meisterturnier 2015"]
[Site "Stuttgart Botnang"]
[Date "2015.09.04"]
[Round "7.14"]
[White "Fuß, Klaus"]
[Black "Koch, Martin"]
[Result "0-1"]
[WhiteElo "2099"]
[BlackElo "2058"]
[PlyCount "94"]
[EventDate "2015.??.??"]
[EventCountry "GER"]
[SourceDate "2015.09.01"]
[WhiteTeam "SG Turm Albstadt"]
[BlackTeam "SC Botnang"]

1. e4 c5 2. Nf3 e6 3. d4 cxd4 4. Nxd4 Nf6 5. Nc3 d6 6. Be2 Be7 7. O-O a6 8. f4
Qc7 9. Kh1 b5 10. Bf3 Bb7 11. e5 dxe5 12. fxe5 Nfd7 13. Bxb7 Qxb7 14. Qg4 Nc6
15. Qe4 Nd8 16. Qf4 O-O 17. Qg3 Qc7 18. Bf4 Kh8 19. Rad1 Nc6 20. Nf3 Nc5 21.
Be3 Nd7 22. Bf4 Nc5 23. Rfe1 Rad8 24. Ng5 Rxd1 25. Rxd1 Bxg5 26. Qxg5 b4 27.
Ne2 Ne4 28. Qh4 Qb6 29. Bg3 Nxg3+ 30. Qxg3 Rd8 31. Rf1 Kg8 32. Qf4 Qc7 33. Ng3
a5 34. Qc4 Rd4 35. Qa6 h6 36. Ne2 Re4 37. c3 bxc3 38. Nxc3 Rxe5 39. h3 Nb4 40.
Qa8+ Kh7 41. Qf3 f6 42. a3 Nc6 43. Nb5 Qb6 44. Nd6 Qc5 45. Nb7 Qc4 46. b3 Qa6
47. Nd6 Nd4 0-1

[Event "WEM Meisterturnier 2015"]
[Site "Stuttgart Botnang"]
[Date "2015.09.04"]
[Round "7.15"]
[White "Schmidt, Olaf"]
[Black "Müller, Nils Samuel"]
[Result "1/2-1/2"]
[WhiteElo "2154"]
[BlackElo "1815"]
[PlyCount "69"]
[EventDate "2015.??.??"]
[EventCountry "GER"]
[SourceDate "2015.09.01"]
[WhiteTeam "SF Pfullingen"]
[BlackTeam "SG KK Hohentübingen"]

1. d4 Nf6 2. Nf3 g6 3. g3 Bg7 4. Bg2 O-O 5. O-O d5 6. Na3 c6 7. c4 Bf5 8. Qb3
Qc8 9. Bg5 Be4 10. Rac1 Nbd7 11. Bh3 e6 12. Nd2 dxc4 13. Naxc4 Bd5 14. Qc2 Bxc4
15. Nxc4 Nb6 16. Na5 Qd7 17. Rcd1 Nbd5 18. a3 h6 19. Bc1 Qc7 20. Nc4 Nh5 21.
Bg4 Nhf6 22. Bf3 Rfd8 23. e4 Nb6 24. Bf4 Qd7 25. Na5 Rac8 26. h4 Qe7 27. b4 Ne8
28. Be3 Nd6 29. a4 f5 30. e5 Nf7 31. Qc5 Qd7 32. b5 Nxa4 33. bxc6 bxc6 34. Qc2
Nb6 35. Bxc6 1/2-1/2

[Event "WEM Meisterturnier 2015"]
[Site "Stuttgart Botnang"]
[Date "2015.09.05"]
[Round "8.1"]
[White "Reuß, Andreas"]
[Black "Sokratov, Stanislav"]
[Result "1/2-1/2"]
[WhiteElo "2324"]
[BlackElo "2192"]
[PlyCount "61"]
[EventDate "2015.??.??"]
[EventCountry "GER"]
[SourceDate "2015.09.01"]
[WhiteTeam "Stuttgarter SF"]
[BlackTeam "SC Erdmannhausen"]

1. d4 Nf6 2. Bg5 d5 3. c3 h6 4. Bxf6 exf6 5. e3 c6 6. Bd3 f5 7. Ne2 Bd6 8. Qc2
g6 9. Nd2 Be6 10. c4 Nd7 11. Qb3 Qc7 12. Nc3 Nf6 13. cxd5 Nxd5 14. Bc4 Nxc3 15.
Qxc3 a5 16. a3 O-O 17. Bxe6 fxe6 18. Nc4 a4 19. g3 Be7 20. Ne5 Kh7 21. h4 Bf6
22. Nd3 Rfe8 23. O-O g5 24. hxg5 hxg5 25. Kg2 Kg6 26. Rh1 Qd6 27. Rh2 Qd5+ 28.
f3 Rh8 29. Rah1 Rxh2+ 30. Rxh2 Kg7 31. Nb4 1/2-1/2

[Event "WEM Meisterturnier 2015"]
[Site "Stuttgart Botnang"]
[Date "2015.09.05"]
[Round "8.2"]
[White "Reimche, Vadim"]
[Black "Kabisch, Thilo"]
[Result "0-1"]
[WhiteElo "2005"]
[BlackElo "2286"]
[PlyCount "104"]
[EventDate "2015.??.??"]
[EventCountry "GER"]
[SourceDate "2015.09.01"]
[WhiteTeam "SF Ravensburg"]
[BlackTeam "SK Schmiden/Cannstatt"]

1. d4 Nf6 2. Nc3 d5 3. f3 e6 4. e4 c5 5. Bg5 cxd4 6. Qxd4 Nc6 7. Bb5 Be7 8.
exd5 O-O 9. Bxc6 bxc6 10. d6 Qxd6 11. Bxf6 gxf6 12. Qxd6 Bxd6 13. O-O-O Bf4+
14. Kb1 f5 15. Nge2 Be5 16. Nd4 c5 17. Nc6 Bf6 18. Na4 Bb7 19. Na5 Rfb8 20.
Nxc5 Bd5 21. Ncb3 Rb4 22. Rd3 Ra4 23. Rhd1 Rb8 24. Rxd5 exd5 25. Rxd5 Re8 26.
Rxf5 Re1+ 27. Nc1 Be5 28. Nab3 Bxh2 29. Rg5+ Kf8 30. Rh5 Bf4 31. c3 Ra6 32. Rf5
Bxc1 33. Nxc1 Rg6 34. g4 Rh6 35. Rh5 Rxh5 36. gxh5 Rf1 37. Kc2 Rf2+ 38. Kb3
Rxf3 39. Kc4 Rh3 40. b4 Rxh5 41. Nb3 Rg5 42. a4 h5 43. Nd4 h4 44. Nf3 Rg4+ 45.
Kb5 h3 46. c4 Rg3 47. Nh2 Rg2 48. Nf1 Rf2 49. Ng3 h2 50. Ka6 Rg2 51. Nh1 Rg1
52. Nf2 Rf1 0-1

[Event "WEM Meisterturnier 2015"]
[Site "Stuttgart Botnang"]
[Date "2015.09.05"]
[Round "8.3"]
[White "Hirneise, Jens"]
[Black "Fischer, Sebastian"]
[Result "1-0"]
[WhiteElo "2254"]
[BlackElo "2222"]
[PlyCount "125"]
[EventDate "2015.??.??"]
[EventCountry "GER"]
[SourceDate "2015.09.01"]
[WhiteTeam "SF Deizisau"]
[BlackTeam "TSV Schönaich"]

1. e4 c5 2. Nf3 Nc6 3. d4 cxd4 4. Nxd4 Nf6 5. Nc3 e5 6. Ndb5 d6 7. Bg5 a6 8.
Na3 b5 9. Nd5 Be7 10. Bxf6 Bxf6 11. c4 b4 12. Nc2 O-O 13. Be2 a5 14. Qd3 Bg5
15. O-O Be6 16. Rad1 Bxd5 17. exd5 Nd4 18. Nxd4 exd4 19. g3 Re8 20. Kg2 g6 21.
h4 Bf6 22. h5 Bg7 23. Rh1 Qg5 24. Rh4 Re7 25. Bf3 Rae8 26. a3 Re1 27. axb4 axb4
28. Rf4 Rxd1 29. Qxd1 Be5 30. Re4 Qe7 31. Re1 Qa7 32. Qd3 Re7 33. Qb3 Qa5 34.
Rc1 Rc7 35. Be2 Kg7 36. Bd3 f5 37. Rh1 Re7 38. Qd1 Kg8 39. Qd2 Rg7 40. hxg6
hxg6 41. Qh6 Qc7 42. f4 Bf6 43. Bxf5 gxf5 44. Qxf6 Qe7 45. Qxe7 Rxe7 46. Kf2
Re3 47. Re1 Rb3 48. Re2 Kf7 49. Kg2 Rd3 50. Kf2 Rb3 51. Rd2 Ke7 52. Kg2 Kf7 53.
Kh3 Kg6 54. Rxd4 Rxb2 55. c5 dxc5 56. d6 cxd4 57. d7 d3 58. d8=Q d2 59. Qg5+
Kf7 60. Qxf5+ Ke7 61. Qe5+ Kf7 62. Qd5+ Ke7 63. f5 1-0

[Event "WEM Meisterturnier 2015"]
[Site "Stuttgart Botnang"]
[Date "2015.09.05"]
[Round "8.4"]
[White "Schmidt, Tobias"]
[Black "Namyslo, Holger"]
[Result "0-1"]
[WhiteElo "2121"]
[BlackElo "2227"]
[PlyCount "110"]
[EventDate "2015.??.??"]
[EventCountry "GER"]
[SourceDate "2015.09.01"]
[WhiteTeam "SC Erdmannhausen"]
[BlackTeam "TG Biberach"]

1. e4 c5 2. c3 g6 3. d4 cxd4 4. cxd4 d5 5. e5 Bg7 6. Nc3 Nc6 7. h3 f6 8. f4 Nh6
9. g4 fxe5 10. fxe5 O-O 11. Be3 e6 12. Qd2 Qh4+ 13. Bf2 Rxf2 14. Qxf2 Qxf2+ 15.
Kxf2 Nxd4 16. Bg2 Nf7 17. Nf3 Nxf3 18. Bxf3 Nxe5 19. Be2 Bd7 20. Rhd1 a6 21.
Kg3 b5 22. Rac1 Nc4 23. Bxc4 bxc4 24. Rf1 Rb8 25. Rf2 Bc6 26. Re1 e5 27. Rd2
Bh6 28. Rc2 Bf4+ 29. Kf2 Rf8 30. Kg1 d4 31. Nd1 Bd5 32. Rf2 g5 33. Rxf4 gxf4
34. Rxe5 Bf3 35. Nf2 d3 36. Re6 Rd8 37. Rf6 d2 38. Rxf4 d1=Q+ 39. Nxd1 Rxd1+
40. Kf2 Bd5 41. Rf5 Be6 42. Rf6 Bf7 43. Rxa6 Rd2+ 44. Ke3 Rxb2 45. a4 c3 46.
Rc6 c2 47. a5 Bg6 48. a6 Ra2 49. Kd2 Ra1 50. Rc8+ Kf7 51. Rc7+ Ke6 52. a7 Kd6
53. Rc4 Rxa7 54. h4 Ra1 55. h5 Rd1+ 0-1

[Event "WEM Meisterturnier 2015"]
[Site "Stuttgart Botnang"]
[Date "2015.09.05"]
[Round "8.5"]
[White "Latzke, Boris Alexander"]
[Black "Gheng, Josef"]
[Result "0-1"]
[WhiteElo "2257"]
[BlackElo "2376"]
[PlyCount "104"]
[EventDate "2015.??.??"]
[EventCountry "GER"]
[SourceDate "2015.09.01"]
[WhiteTeam "SK Bebenhausen"]
[BlackTeam "SC Erdmannhausen"]

1. d4 Nf6 2. c4 e6 3. Nf3 b6 4. g3 Ba6 5. b3 Bb4+ 6. Bd2 Be7 7. Bg2 Bb7 8. Bc3
Ne4 9. Bb2 Bb4+ 10. Nfd2 Nc3 11. Bxc3 Bxg2 12. Rg1 Bxc3 13. Nxc3 Bb7 14. Nf3
O-O 15. Qd3 d5 16. cxd5 exd5 17. Kf1 Nd7 18. Kg2 Qe7 19. Rgd1 Rfe8 20. Rac1 c6
21. Rc2 Rad8 22. Kg1 Nf8 23. Rdc1 Ne6 24. Nd1 c5 25. Ne3 g6 26. Ng2 c4 27. Qd2
b5 28. Nf4 Ng7 29. Ne5 g5 30. Ng2 f6 31. Ng4 h5 32. N4e3 a6 33. Rf1 Bc8 34. h4
Qe4 35. Rcc1 Bh3 36. f3 Qe7 37. Rfe1 Rd6 38. Kf2 Bxg2 39. Nxg2 Re6 40. Rc2 Nf5
41. bxc4 bxc4 42. hxg5 fxg5 43. Rb2 Qg7 44. e3 Qc7 45. f4 Nd6 46. Kg1 Ne4 47.
Qd1 Nxg3 48. Qf3 Ne4 49. Qxh5 c3 50. Rc2 R8e7 51. Qg4 Rh6 52. Rec1 Reh7 0-1

[Event "WEM Meisterturnier 2015"]
[Site "Stuttgart Botnang"]
[Date "2015.09.05"]
[Round "8.6"]
[White "Maj, Kornel"]
[Black "Reck, Moritz"]
[Result "0-1"]
[WhiteElo "2051"]
[BlackElo "2157"]
[PlyCount "106"]
[EventDate "2015.??.??"]
[EventCountry "GER"]
[SourceDate "2015.09.01"]
[WhiteTeam "Stuttgarter SF"]
[BlackTeam "TSV Schönaich"]

1. e4 g6 2. d4 Bg7 3. Nc3 d6 4. f4 Nc6 5. Be3 Nf6 6. Nf3 O-O 7. Qd2 Ng4 8. Bg1
e5 9. d5 Ne7 10. h3 Nf6 11. fxe5 dxe5 12. O-O-O a6 13. Bh2 Nd7 14. Kb1 b5 15.
d6 cxd6 16. Qxd6 Qe8 17. Bg1 Kh8 18. Nxb5 axb5 19. Bxb5 Qd8 20. Bxd7 Bb7 21.
Bb6 Nc8 22. Bxd8 Nxd6 23. Be7 Nxe4 24. Bxf8 Rxf8 25. Rhe1 f5 26. Be6 Rb8 27.
Ka1 Nc5 28. Bb3 e4 29. Ng5 Bf6 30. Ne6 Nxb3+ 31. axb3 Bh4 32. Re2 Ba6 33. c4
Rxb3 34. Nc5 Bxc4 35. Rc2 Rb4 36. Rd4 Bd3 37. Rxb4 Bxc2 38. Ne6 Kg8 39. Rb8+
Kf7 40. Nd4 Bd3 41. Rb7+ Kf6 42. b4 e3 43. Kb2 e2 44. Nxe2 Bxe2 45. Rxh7 Be1
46. Rc7 Bxb4 47. Rc2 Bd3 48. Rf2 Bc5 49. Rd2 Be4 50. Kc3 Kg5 51. g3 Bb6 52. h4+
Kh5 53. Rd7 Bf2 0-1

[Event "WEM Meisterturnier 2015"]
[Site "Stuttgart Botnang"]
[Date "2015.09.05"]
[Round "8.7"]
[White "Grill, Bernd"]
[Black "Gabriel, Robert"]
[Result "1/2-1/2"]
[WhiteElo "2220"]
[BlackElo "2184"]
[PlyCount "72"]
[EventDate "2015.??.??"]
[EventCountry "GER"]
[SourceDate "2015.09.01"]
[WhiteTeam "SV Ebersbach"]
[BlackTeam "Stuttgarter SF"]

1. d4 d5 2. c4 e6 3. Nf3 Nf6 4. g3 c5 5. Bg2 Nc6 6. O-O Be7 7. cxd5 exd5 8. Nc3
Be6 9. dxc5 Bxc5 10. Bg5 Be7 11. Nd4 O-O 12. Rc1 Nxd4 13. Qxd4 Qa5 14. h3 Rac8
15. Be3 Bc5 16. Qd2 Bb4 17. Bd4 Ne4 18. Qf4 Nxc3 19. bxc3 Be7 20. Qd2 Rc4 21.
Rb1 b6 22. g4 Rfc8 23. Rfd1 Ra4 24. Rb2 Bc5 25. Bxc5 Rxc5 26. e4 Qxc3 27. Qxc3
Rxc3 28. exd5 Bd7 29. Re2 Kf8 30. d6 Rc8 31. Re7 Be6 32. f4 Rd8 33. Rc7 Rxf4
34. Rxa7 Rc4 35. a4 g6 36. Rb7 Rxa4 1/2-1/2

[Event "WEM Meisterturnier 2015"]
[Site "Stuttgart Botnang"]
[Date "2015.09.05"]
[Round "8.8"]
[White "Kunz, Walter"]
[Black "Smolny, Frieder"]
[Result "1/2-1/2"]
[WhiteElo "2167"]
[BlackElo "2156"]
[PlyCount "34"]
[EventDate "2015.??.??"]
[EventCountry "GER"]
[SourceDate "2015.09.01"]
[WhiteTeam "SC Botnang"]
[BlackTeam "SC Weiße Dame Ulm"]

1. e4 e5 2. Nf3 Nf6 3. d4 Nxe4 4. Bd3 d5 5. dxe5 Nc6 6. O-O Bc5 7. Nc3 Nxc3 8.
bxc3 Bg4 9. Rb1 O-O 10. Re1 Rb8 11. Bf4 Qe7 12. h3 Bh5 13. g4 Bg6 14. Qd2 Bb6
15. Kg2 Bxd3 16. Qxd3 Qe6 17. Bg3 Rbd8 1/2-1/2

[Event "WEM Meisterturnier 2015"]
[Site "Stuttgart Botnang"]
[Date "2015.09.05"]
[Round "8.9"]
[White "Gustain, Marc"]
[Black "Engelhart, Achim"]
[Result "1/2-1/2"]
[WhiteElo "2156"]
[BlackElo "2140"]
[PlyCount "48"]
[EventDate "2015.??.??"]
[EventCountry "GER"]
[SourceDate "2015.09.01"]
[WhiteTeam "SF Deizisau"]
[BlackTeam "Post-SV Ulm"]

1. e4 e6 2. d4 d5 3. Nc3 Nf6 4. Bg5 dxe4 5. Nxe4 Be7 6. Bxf6 Bxf6 7. Nf3 Nd7 8.
Qd2 O-O 9. O-O-O b6 10. Bd3 Bb7 11. h4 c5 12. Nxf6+ Nxf6 13. dxc5 Qd5 14. Kb1
Qxc5 15. Qe2 Qh5 16. Rh3 Rfd8 17. Rg1 Rac8 18. g4 Bxf3 19. Qxf3 Qe5 20. Qh1 Rd4
21. Qb7 Qc7 22. Qf3 Qe5 23. Qb7 Qc7 24. Qf3 Qe5 1/2-1/2

[Event "WEM Meisterturnier 2015"]
[Site "Stuttgart Botnang"]
[Date "2015.09.05"]
[Round "8.10"]
[White "Gabriel, Josef"]
[Black "Geshnizjani, Ramin Tobias"]
[Result "0-1"]
[WhiteElo "2094"]
[BlackElo "2081"]
[PlyCount "74"]
[EventDate "2015.??.??"]
[EventCountry "GER"]
[SourceDate "2015.09.01"]
[WhiteTeam "Stuttgarter SF"]
[BlackTeam "Heilbronner SV"]

1. e4 c5 2. Nf3 e6 3. d3 Nc6 4. g3 Nf6 5. Bg2 Be7 6. O-O O-O 7. Re1 d5 8. e5
Nd7 9. h4 f6 10. exf6 Nxf6 11. Nc3 Ng4 12. Rf1 Bd7 13. Ng5 Nge5 14. f4 Nf7 15.
Re1 Nd4 16. Be3 h6 17. Nxf7 Rxf7 18. Bf2 Qb6 19. Qc1 Raf8 20. Nd1 Qc7 21. c3
Nf5 22. Qd2 g5 23. hxg5 hxg5 24. fxg5 Nxg3 25. g6 Rg7 26. Ne3 Bg5 27. Qd1 Rxg6
28. Ng4 Bf4 29. d4 Ne4 30. Rxe4 dxe4 31. Bxe4 Bh2+ 32. Kh1 Rxf2 33. Nxf2 Rg1+
34. Qxg1+ Bxg1 35. Rxg1+ Kf8 36. d5 Qf4 37. dxe6 Qxf2 0-1

[Event "WEM Meisterturnier 2015"]
[Site "Stuttgart Botnang"]
[Date "2015.09.05"]
[Round "8.11"]
[White "Bader, Gerd"]
[Black "Schaffert, Walter"]
[Result "1/2-1/2"]
[WhiteElo "2040"]
[BlackElo "2091"]
[PlyCount "44"]
[EventDate "2015.??.??"]
[EventCountry "GER"]
[SourceDate "2015.09.01"]
[WhiteTeam "SG Schwäbisch Gmünd"]
[BlackTeam "SG Ludwigsburg"]

1. Nf3 Nf6 2. d3 g6 3. e4 d6 4. Be2 Bg7 5. Nc3 c5 6. h3 Nc6 7. Be3 O-O 8. Qd2
Bd7 9. O-O a6 10. d4 cxd4 11. Nxd4 Rc8 12. Nf3 Na5 13. e5 dxe5 14. Nxe5 Nc6 15.
Nxd7 Qxd7 16. Qxd7 Nxd7 17. Nd5 e6 18. Nf4 Nb4 19. Rad1 Nf6 20. c3 Nbd5 21. Bc1
Nxf4 22. Bxf4 Nd5 1/2-1/2